000 00490nam a2200157 i 4500
001 54446
003 ES-MaACL
005 20230906162945.0
007 t|
008 031215s1873 fr ||||1| fre d
100 1 _aForcade La Roquette, M. de.
_951681
245 1 4 _aLes nouveaux traités de commerce et la Loi sur les matières premières /
_cpar M. de Forcade La Roquette.
260 _aParis :
_bGuillaumin et Cie.,
_c1873.
300 _a46 p. ;
_c24 cm.
852 _aES-MaACL
_jT-1285-F-3
999 _c54446
_d54446